LEADER 01807nam 2200577 a 450 001 9910453440503321 005 20200520144314.0 010 $a1-280-52997-0 010 $a1-60256-294-6 010 $a1-4237-6005-0 010 $a0-19-972805-4 035 $a(CKB)2550000001204495 035 $a(SSID)ssj0000171834 035 $a(PQKBManifestationID)11161673 035 $a(PQKBTitleCode)TC0000171834 035 $a(PQKBWorkID)10151205 035 $a(PQKB)10438732 035 $a(MiAaPQ)EBC270864 035 $a(PPN)234305266 035 $a(Au-PeEL)EBL270864 035 $a(CaPaEBR)ebr10142366 035 $a(CaONFJC)MIL52997 035 $a(OCoLC)936848421 035 $a(EXLCZ)992550000001204495 100 $a19990111d2000 uy 0 101 0 $aeng 135 $aurcn||||||||| 181 $ctxt 182 $cc 183 $acr 200 02$aA historical guide to Ernest Hemingway$b[electronic resource] /$fedited by Linda Wagner-Martin 210 $aNew York $cOxford University Press$d2000 215 $aviii, 248 p. $cill 225 1 $aHistorical guides to American authors 300 $aBibliographic Level Mode of Issuance: Monograph 311 $a0-19-512151-1 320 $aIncludes bibliographical references (p. 213-234) and index. 410 0$aHistorical guides to American authors. 606 $aLiterature and history$zUnited States$xHistory$y20th century$vHandbooks, manuals, etc 608 $aElectronic books. 615 0$aLiterature and history$xHistory 676 $a813/.52 676 $aB 701 $aWagner-Martin$b Linda$0457260 801 0$bMiAaPQ 801 1$bMiAaPQ 801 2$bMiAaPQ 906 $aBOOK 912 $a9910453440503321 996 $aA historical guide to Ernest Hemingway$92010841 997 $aUNINA LEADER 01282nam a2200301 i 4500 001 991003799389707536 005 20021223130756.0 008 020328s|||| sz eng d 020 $a9280510217 035 $ab11865751-39ule_inst 035 $aLE02988724$9ExL 040 $aISUFI - Sett. Diritti e Politiche Euromediterranee$bita 082 0 $a346.048 110 2 $aWorld Intellectual Property Organization$0464697 245 14$aThe recognition of rights and the use of names in the Internet domain name system :$breport of the second WIPO Internet domain name process :$bhttp://wipo2.wipo.int 260 $aGeneva :$bWIPO 300 $a150 p. :$bill. ;$c30 cm 490 0 $aWIPO publication ;$v843(E) 500 $aElectronic version available in HTML, PDF, Rich Text, and Word 7.0 formats 650 4$aComputer networks$xLegislazione 650 4$aInternet 650 4$aInternet domain names 907 $a.b11865751$b28-04-17$c23-12-02 912 $a991003799389707536 945 $aLE029 346.048 WIP01.43$g1$iLE029-3534$lle029$o-$pE0.00$q-$rn$so $t0$u0$v0$w0$x0$y.i12118370$z23-12-02 996 $aRecognition of rights and the use of names in the Internet domain name system$9901094 997 $aUNISALENTO 998 $ale029$b01-01-02$cm$da $e-$feng$gsz $h4$i1